La seule capitale restante - Statistiques

Statistiques générales
  • Ce quiz a été pris 129 fois
  • Le résultat moyen est 28 sur 199
Réponses sur la Carte
Les réponses sont colorées sur une échelle allant du rouge au vert en fonction du pourcentage des utilisateurs qui les ont devinées à leur premier essai. Vous pouvez retrouver ces pourcentages ci-dessous.
 
Statistiques - réponses
Pays Capitales % Correct
Israël Jérusalem
87%
Vatican Vatican
87%
France Paris
79%
Indonésie Jakarta
78%
Allemagne Berlin
76%
Monaco Monaco
71%
Japon Tokyo
68%
Royaume-Uni Londres
67%
Italie Rome
67%
Singapour Singapour
54%
Liechtenstein Vaduz
39%
Russie Moscou
35%
Malaisie Kuala Lumpur
34%
Norvège Oslo
34%
Émirats arabes unis Abou Dabi
33%
Espagne Madrid
31%
Belgique Bruxelles
29%
Inde New Delhi
29%
Luxembourg Luxembourg
28%
Chine Pékin
28%
Lituanie Vilnius
28%
Syrie Damas
26%
Ukraine Kiev
26%
République démocratique du Congo Kinshasa
26%
Brunei Bandar Seri Begawan
23%
Qatar Doha
23%
Islande Reykjavik
22%
Grèce Athènes
21%
Bolivie La Paz
21%
Bhoutan Thimphou
21%
États-Unis Washington
21%
République du Congo Brazzaville
20%
Arménie Erevan
20%
Kosovo Pristina
20%
Maroc Rabat
20%
Lettonie Riga
20%
Sri Lanka Sri Jayawardenapura Kotte
20%
Andorre Andorre-la-Vieille
19%
Égypte Le Caire
19%
Afrique du Sud Le Cap
19%
Cambodge Phnom Penh
19%
Ghana Accra
18%
Pays-Bas Amsterdam
18%
Slovaquie Bratislava
18%
Mongolie Oulan-Bator
18%
République dominicaine Saint-Domingue
18%
Serbie Belgrade
16%
Guyana Georgetown
16%
Finlande Helsinki
16%
Zambie Lusaka
16%
Bahreïn Manama
16%
Chili Santiago
16%
Corée du Sud Séoul
16%
Suède Stockholm
16%
Liberia Monrovia
15%
Bosnie-Herzégovine Sarajevo
15%
Bulgarie Sofia
15%
Libye Tripoli
15%
Suisse Berne
14%
Roumanie Bucarest
14%
Danemark Copenhague
14%
Irlande Dublin
14%
Ouganda Kampala
14%
Mexique Mexico
14%
Canada Ottawa
14%
Afrique du Sud Pretoria
14%
Taïwan Taipei
14%
Azerbaïdjan Bakou
13%
Afghanistan Kaboul
13%
Népal Katmandou
13%
Portugal Lisbonne
13%
Équateur Quito
13%
Autriche Vienne
13%
Argentine Buenos Aires
12%
Soudan du Sud Djouba
12%
Koweït Koweït
12%
Corée du Nord Pyongyang
12%
Saint-Marin Saint-Marin
12%
Estonie Tallinn
12%
Algérie Alger
11%
Kazakhstan Astana
11%
Hongrie Budapest
11%
Sénégal Dakar
11%
Pakistan Islamabad
11%
Uruguay Montevideo
11%
Bahamas Nassau
11%
Chypre Nicosie
11%
Suriname Paramaribo
11%
Monténégro Podgorica
11%
Vanuatu Port-Vila
11%
République tchèque Prague
11%
Albanie Tirana
11%
Pologne Varsovie
11%
Croatie Zagreb
11%
Liban Beyrouth
10%
Guinée équatoriale Malabo
10%
Biélorussie Minsk
10%
Niger Niamey
10%
Laos Vientiane
10%
Cameroun Yaoundé
10%
Australie Canberra
9%
Moldavie Chișinău
9%
Malte La Valette
9%
Pérou Lima
9%
Slovénie Ljubljana
9%
Maldives Malé
9%
Birmanie Naypyidaw
9%
Haïti Port-au-Prince
9%
Macédoine du Nord Skopje
9%
Bolivie Sucre
9%
Iran Téhéran
9%
Tunisie Tunis
9%
Nigeria Abuja
8%
Bangladesh Dacca
8%
Tadjikistan Douchanbé
8%
Viêt Nam Hanoï
8%
Jamaïque Kingston
8%
Cuba La Havane
8%
Philippines Manille
8%
Géorgie Tbilissi
8%
Nouvelle-Zélande Wellington
8%
Turquie Ankara
7%
Irak Bagdad
7%
Thaïlande Bangkok
7%
Saint-Christophe- et-Niévès Basseterre
7%
Brésil Brasilia
7%
Saint-Vincent-et-les- Grenadines Kingstown
7%
Kenya Nairobi
7%
Panama Panama
7%
Yémen Sanaa
7%
Salvador San Salvador
7%
Seychelles Victoria
7%
Côte d'Ivoire Yamoussoukro
7%
Turkménistan Achgabat
6%
Jordanie Amman
6%
Kirghizistan Bichkek
6%
Guinée-Bissau Bissau
6%
Colombie Bogotá
6%
Venezuela Caracas
6%
Angola Luanda
6%
Oman Mascate
6%
Papouasie-Nouvelle- Guinée Port Moresby
6%
Arabie Saoudite Riyad
6%
Ouzbékistan Tachkent
6%
Paraguay Asunción
5%
Timor oriental Dili
5%
Mauritanie Nouakchott
5%
Trinité-et-Tobago Port-d'Espagne
5%
Fidji Suva
5%
Belize Belmopan
4%
Afrique du Sud Bloemfontein
4%
Sainte-Lucie Castries
4%
Sierra Leone Freetown
4%
Guatemala Guatemala
4%
Zimbabwe Harare
4%
Nicaragua Managua
4%
Comores Moroni
4%
Maurice Port-Louis
4%
Antigua-et-Barbuda Saint-John's
4%
Costa Rica San José
4%
Nauru Yaren
4%
Éthiopie Addis-Abeba
3%
Mali Bamako
3%
Barbade Bridgetown
3%
Guinée Conakry
3%
Soudan Khartoum
3%
Gabon Libreville
3%
Tonga Nukuʻalofa
3%
Bénin Porto-Novo
3%
Honduras Tegucigalpa
3%
Madagascar Antananarivo
2%
Samoa Apia
2%
Burundi Gitega
2%
Grenade Saint-Georges
2%
Sao Tomé-et-Principe Sao Tomé
2%
Érythrée Asmara
1%
République Centrafricaine Bangui
1%
Gambie Banjul
1%
Djibouti Djibouti
1%
Tanzanie Dodoma
1%
Tuvalu Funafuti
1%
Botswana Gaborone
1%
Rwanda Kigali
1%
Malawi Lilongwe
1%
Togo Lomé
1%
Îles Marshall Majuro
1%
Mozambique Maputo
1%
Lesotho Maseru
1%
Eswatini Mbabane
1%
Somalie Mogadiscio
1%
Tchad N'Djaména
1%
Palaos Ngerulmud
1%
Burkina Faso Ouagadougou
1%
Micronésie Palikir
1%
Cap-Vert Praia
1%
Dominique Roseau
1%
Kiribati Tarawa-Sud
1%
Namibie Windhoek
1%
Salomon Honiara
0%
Aucun quiz correspondant
Distribution des résultats
% des personnes avec chaque résultat
Percentile par nombre de réponses
Votre historique - résultats
Vous n’avez pas pris ce quiz